A részmunkaidőben dolgozó nők karrierépítési lehetőségei

Bibliográfiai részletek
Szerző: Molnár Andrea Kinga
További közreműködők: Németh Dr. Tamás
Dokumentumtípus: Diplomadolgozat
Kulcsszavak:Részmunkaidő
Atipikus foglalkoztatás
Nők foglalkoztatása
Online Access:http://dolgozattar.uni-bge.hu/11171

MARC

LEADER 00000nta a2200000 i 4500
001 dolg11171
005 20170515100149.0
008 170515suuuu hu om 000 hun d
040 |a BGE Dolgozattár Repozitórium  |b hun 
041 |a hu 
100 1 |a Molnár Andrea Kinga 
245 1 2 |a A részmunkaidőben dolgozó nők karrierépítési lehetőségei  |c Molnár Andrea Kinga  |h [elektronikus dokumentum] 
695 |a Részmunkaidő 
695 |a Atipikus foglalkoztatás 
695 |a Nők foglalkoztatása 
700 1 |a Németh Dr. Tamás  |e ths 
856 4 0 |u http://dolgozattar.uni-bge.hu/11171/1/Szakdolgozat_Moln%C3%A1r%20Andrea%20Kinga.pdf  |z Dokumentum-elérés